000 00641nam a2200241 i 4500
001 C2-0209541
003 PPAK
005 20180728101955.0
008 990320s1998 my |||| ||||| | may d
020 _a9836257942
040 _aPPAK
_beng
_cPPAK
_erda
082 0 4 _a899.231
_2 23
090 0 0 _a899.231
_bHAD
_dG
100 0 _aHadijah Rahmat,
_eauthor
245 1 0 _aDi tengah alam
264 1 _aKuala Lumpur :
_bDewan Bahasa dan Pustaka ,
_c1998
300 _axiii, 88 pages ;
_c21 cm
336 _2rdacontent
_atext
337 _2rdamedia
_aunmediated
338 _2rdacarrier
_avolume
650 1 0 _aMalay fiction
942 _ddc
_cB
999 _c157971
_d157971